Govt. of
Madhya Pradesh

Marriage in Tribal Societies (Record no. 42672)

MARC details
000 -LEADER
fixed length control field 003430000a22001450004500
003 - CONTROL NUMBER IDENTIFIER
control field MACL
040 ## - CATALOGING SOURCE
Original cataloging agency MACL
090 ## - LOCALLY ASSIGNED LC-TYPE CALL NUMBER (OCLC); LOCAL CALL NUMBER (RLIN)
-- 43127
-- 43125
100 ## - MAIN ENTRY--PERSONAL NAME
Personal name Mibang, Tamo
245 ## - TITLE STATEMENT
Title Marriage in Tribal Societies
Remainder of title Cultural Dynamics and Social realities
260 ## - PUBLICATION, DISTRIBUTION, ETC. (IMPRINT)
Name of publisher, distributor, etc. Bookwell
Date of publication, distribution, etc. 2007
350 ## - PRICE (NR) (BK AM CF MU VM SE) [OBSOLETE]
Price 795
650 ## - SUBJECT ADDED ENTRY--TOPICAL TERM
Topical term or geographic name as entry element Sociology
942 ## - ADDED ENTRY ELEMENTS (KOHA)
Koha item type Library Membar
Call number prefix 301/MIB
Holdings
Withdrawn status Lost status Source of classification or shelving scheme Damaged status Not for loan Home library Current library Date acquired Cost, normal purchase price Total Checkouts Full call number Barcode Date last seen Uniform Resource Identifier Price effective from Koha item type
          MACL MACL 04/07/2015 795.00   301/MIB CRE023764 02/05/2024 42950 15/04/2015 Books